| 000 | 00371nam a2200133Ia 4500 | ||
|---|---|---|---|
| 008 | 240624s9999 xx 000 0 und d | ||
| 041 | _aeng | ||
| 082 | _a658.45 CHA | ||
| 100 | _aCHATURVEDI P D | ||
| 245 | _aBUSINESS COMMUNICATION CONCEPTS CASES AND APPLICATION | ||
| 260 |
_c2007 _aNew Delhi _bPearson Education |
||
| 300 | _axvi, : 500 : p. : cm. ; 24 | ||
| 365 |
_cRS _b36 |
||
| 999 |
_c5655 _d5655 |
||